000 00927cam a2200301 i 4500
999 _c333
_d333
001 333
003 Mx-PuUPA
005 20240410103427.0
008 140415s1986 mx r 000 0 spa d
020 _a9684131100
040 _aMX-PuUPA
_bspa
_erda
_cMx-PuUPA
_dMx-PuUPA
041 1 _aspa
_hgrc
100 0 _aAristotle,
_eautor
_91836
240 1 0 _aTα mεtα tα Φνσικα.
_lEspañol
245 1 0 _aMetafísica /
_cAristóteles.
250 _a13a. edición
264 1 _aMéxico, D.F. :
_bEspasa-Calpe Mexicana,
_c1986
300 _a324 páginas ;
_c19 cm
336 _atexto
_2rdacontent
_btxt
337 _asin medio
_2rdamedia
_bn
338 _avolumen
_2rdacarrier
_bnc
490 0 _aColección Austral ;
_v399
650 4 _aMetafísica
700 1 _aAzcárate, Patricio,
_etraductor
765 1 8 _aAristotle,
_tTα mεtα tα Φνσικα.
942 _2ddc
_cLI
_h110
_iA696